|
|
|
|
| LEADER |
01457pam a22002658a 4500 |
| 001 |
00022271 |
| 005 |
20171026081025.0 |
| 008 |
110528s2010 ||||||Viesd |
| 041 |
0 |
# |
|a Vie
|
| 082 |
1 |
4 |
|a 370.71
|b H561D
|
| 245 |
0 |
0 |
|a Hướng dẫn tự đánh giá chất lượng chương trình đào tạo giáo viên THPT trình độ đại học
|
| 260 |
# |
# |
|a Nghệ An
|b Nxb Vinh
|c 2010
|
| 300 |
# |
# |
|a 130 tr.
|c 29 cm.
|
| 500 |
# |
# |
|a ĐTTS ghi: Bộ giáo dục và đào tạo. Dự án phát triển giáo viên THPT và TCCN
|
| 653 |
# |
# |
|a Chương trình đào tạo
|
| 653 |
# |
# |
|a Chất lượng
|
| 653 |
# |
# |
|a Đánh giá
|
| 653 |
# |
# |
|a THPT
|
| 653 |
# |
# |
|a Giáo viên
|
| 852 |
# |
# |
|b Kho giáo trình
|j KGT.0021407, KGT.0021408, KGT.0021409, KGT.0021410, KGT.0021411, KGT.0021412, KGT.0021413, KGT.0021414, KGT.0021415, KGT.0021416, KGT.0021417, KGT.0021418, KGT.0021419, KGT.0021420, KGT.0021421, KGT.0021422, KGT.0021423, KGT.0021424
|
| 852 |
# |
# |
|j KD.0009034
|j KGT.0021407
|j KGT.0021409
|j KGT.0021410
|j KGT.0021412
|j KGT.0021413
|j KGT.0021415
|j KGT.0021419
|j KGT.0021420
|j KGT.0021421
|j KGT.0021423
|j KGT.0021418
|j KGT.0021408
|j KGT.0021411
|j KGT.0021414
|j KGT.0021416
|j KGT.0021417
|j KGT.0021422
|j KGT.0021424
|
| 852 |
# |
# |
|b Kho đọc
|j KD.0009034
|
| 852 |
# |
# |
|b Kho mượn
|j KGT.0021407
|
| 910 |
0 |
# |
|a Đức
|d 28/05/2011
|
| 980 |
# |
# |
|a Trung tâm Học liệu Lê Vũ Hùng, Trường Đại học Đồng Tháp
|